| 000 | 01103nam a2200349 i 4500 | ||
|---|---|---|---|
| 003 | EG-GICUC | ||
| 005 | 20260419110734.0 | ||
| 008 | 260419s1987 fr |||frb||| 001 0 fre d | ||
| 040 |
_aEG-GiCUC _bfre _cEG-GiCUC _dEG-GiCUC _eRda |
||
| 041 | _afre | ||
| 082 | 0 | 4 |
_221 _a343.3 _bST . P |
| 092 | 0 | 4 | _221 |
| 099 | _aLaw1 10 343.3 ST . P 1987 | ||
| 100 | 1 |
_aStefani, Gaston _eAuteur |
|
| 245 | 1 | 0 |
_aProcedure penale / _cGaston Stefani, Georges Levasseur, Bernard Bouloc. |
| 250 | _aTreizieme Edition | ||
| 264 | 1 |
_aParis : _bDalloz, _c1987. |
|
| 300 |
_a1072 page ; _c 24 cm. _billustration ; |
||
| 336 |
_2rda contenu _a texte |
||
| 337 |
_2rda medias _aOrdinateur |
||
| 338 |
_2 transporteur rda _a Ressource en ligne |
||
| 500 | _ainclude index | ||
| 504 | _aBibliography: pages 1033-1036. | ||
| 546 | _aTexte en français | ||
| 650 | 1 | 4 |
_aDroit de procédure pénale _2qrmak |
| 651 | 1 | _2qrmak | |
| 700 | 1 |
_aLevasseur, Georges _eAuteur |
|
| 700 | 1 |
_aBouloc, Bernard _eAuteur |
|
| 856 | 4 | 0 | _uhttps://fll.law.cu.edu.eg/fulltext/bks/B10-10365.pdf |
| 905 | _a161 | ||
| 942 |
_2ddc _cBK _e21 _n0 |
||
| 999 |
_c71839 _d71839 |
||